00391nam a2200157Ia 45000010006000000050017000060080041000230410008000640820020000721000028000922450054001202600009001743000034001836500008002176540008002251363420260306164815.0260306t1998||||xx |||||||||||||| ||spa|| aESP a005.1bP85 1998 aPressman, Roger S.eAUT 0aIngeniería del software:bun enfoque práctico c1998 axxiv, 581 páginas :c20 cm. aGEN aCCC